000 00484nam a2200181Ia 4500
008 090124s9999 xx 000 0 und d
082 _b2452
100 _aसुथांशु
245 _a जलवंती
250 _a1
260 _bकुलकर्णी ग्रंथागार
_c1958
300 _a84
600 _aसुथांशु
630 _a जलवंती
700 _aसुथांशु
730 _a जलवंती
942 _cBOOK
999 _c82395
_d82395